[Event "BEL-chT 1011"]
[Site "Belgium"]
[Date "2010.10.10"]
[Round "2.8"]
[White "Blagodarov, Vladimir"]
[Black "Cesar, Andre"]
[Result "1/2-1/2"]
[WhiteElo "2127"]
[BlackElo "1788"]
[PlyCount "96"]
[EventDate "2010.09.26"]
[EventType "team-tourn"]
[EventRounds "11"]
[EventCountry "BEL"]
[SourceTitle "EXT 2012"]
[Source "ChessBase"]
[SourceDate "2011.11.24"]
[SourceVersion "1"]
[SourceVersionDate "2011.11.24"]
[SourceQuality "1"]
[WhiteTeam "Ans"]
[BlackTeam "Liege Crelel"]
[WhiteTeamCountry "BEL"]
[BlackTeamCountry "BEL"]

1. c4 Nf6 2. g3 g6 3. Bg2 Bg7 4. Nc3 c5 5. e3 0-0 6. Nge2 Nc6 7. 0-0 d6 8. d4 cxd4 9. exd4 Bf5 10. b3 Qd7 11. Bb2 Bh3 12. d5 Bxg2 13. Kxg2 Ne5 14. f4 Neg4 15. Rf3 Ne4 16. Qd3 Nc5 17. Qc2 a5 18. h3 Nh6 19. Nb5 Qf5 20. Qxf5 Nxf5 21. Bxg7 Kxg7 22. Ned4 Nxd4 23. Nxd4 b6 24. Re1 Rfe8 25. Rfe3 Kf8 26. g4 Ra7 27. g5 Rd7 28. h4 Kg7 29. Kf3 h6 30. f5 h5 31. fxg6 fxg6 32. Kg3 Kf7 33. Ne6 Ra7 34. Nd4 Rc7 35. Nb5 Rd7 36. a3 Kg7 37. Rf1 Rf8 38. Rxf8 Kxf8 39. Rf3+ Kg8 40. Nd4 Rd8 41. Ne6 Rc8 42. Nxc5 bxc5 43. Re3 Kf7 44. Kf3 Rb8 45. Ke2 Ra8 46. Kd2 Rb8 47. Kc2 Ra8 48. Kc3 Rb8 1/2-1/2